000 00805cam a2200277 a 4500
001 1425611
003 OSt
005 20161101191941.0
008 841204s1985 enka b 001 0 eng c
010 _a 84027464
020 _a0-407732527
040 _aDNLM/DLC
_cDLC
_dDLC
050 1 0 _aRB37
_b.B28 1985
060 _aQY 25 B167i
082 0 0 _aQY 25 B17i 1985
_219
100 1 _aBaker, F. J.; Silverton, R. E.
_9902
245 1 0 _aIntroduction to Medical Laboratory Technology.
250 _a6th ed.
260 _aLondon ;
_bButterworths,
_c1985.
300 _ax, 408 p. :
_bill. ;
_c26cm.
504 _aBibliography, & index included
650 0 _alaboratory techniques.
_9903
650 2 _aLaboratory Diagnosis
_9904
906 _a7
_bcbc
_corignew
_d1
_eocip
_f19
_gy-gencatlg
942 _2z
_cB_BANK
999 _c348
_d348